[Event "Madrid ch Veteranos 2012-2013"]
[Site "Madrid ESP"]
[Date "2012.11.13"]
[Round "6.10"]
[White "Osorio Ramos, Francisco"]
[Black "Corredor Gonzalez, Angel L"]
[Result "0-1"]
[WhiteElo "1831"]
[BlackElo "1760"]
[PlyCount "88"]
[EventDate "2012.11.05"]
[EventType "swiss"]
[EventRounds "9"]
[EventCountry "ESP"]
[Source "lmi"]
[SourceDate "2012.11.05"]

1. Nf3 Nf6 2. c4 e6 3. Nc3 Bb4 4. g3 b6 5. Bg2 Bb7 6. O-O O-O 7. Qc2 Nc6 8. d4
Na5 9. a3 Be7 10. b3 d5 11. cxd5 exd5 12. Rd1 Re8 13. Ne5 Rc8 14. b4 Nc6 15.
Bh3 Ra8 16. f4 Nb8 17. Bb2 a5 18. Qb3 c6 19. e4 Nbd7 20. Nxd7 Nxd7 21. exd5
axb4 22. axb4 Bf6 23. Rxa8 Bxa8 24. dxc6 Bxc6 25. Nd5 Re2 26. Bg2 Kh8 27. b5
Bb7 28. Bf3 Bxd5 29. Bxd5 Qe7 30. Ba3 Re1+ 31. Rxe1 Qxe1+ 32. Kg2 Bxd4 33. Qf3
f5 34. Bc4 Qe8 35. Qd5 Ba1 36. Qxf5 Nf6 37. Bd6 g6 38. Qd3 Qa8+ 39. Kg1 Bb2 40.
Be5 Qa1+ 41. Kf2 Bxe5 42. Qd8+ Kg7 43. Qe7+ Kh6 44. Qxe5 Ng4+ 0-1

[Event "Madrid ch Veteranos 2012-2013"]
[Site "Madrid ESP"]
[Date "2012.11.13"]
[Round "6.11"]
[White "Martinez Rubio, Felipe"]
[Black "Rodriguez Bachiller, Luis"]
[Result "0-1"]
[WhiteElo "1815"]
[BlackElo "1756"]
[PlyCount "46"]
[EventDate "2012.11.05"]
[EventType "swiss"]
[EventRounds "9"]
[EventCountry "ESP"]
[Source "lmi"]
[SourceDate "2012.11.05"]

1. d4 Nf6 2. Bg5 c5 3. Nf3 Qb6 4. Nc3 h6 5. Bf4 d6 6. e3 cxd4 7. Nxd4 e5 8. Na4
Qa5+ 9. c3 exf4 10. exf4 Bd7 11. b3 Bxa4 12. b4 Bxd1 13. bxa5 Ba4 14. Rb1 Nc6
15. Rxb7 Nxd4 16. cxd4 Nd5 17. g3 Bc6 18. Rb3 Nxf4 19. Rg1 Ne6 20. Rd3 d5 21.
Bg2 Bb4+ 22. Kd1 Ba4+ 23. Kc1 Rc8+ 0-1

[Event "Madrid ch Veteranos 2012-2013"]
[Site "Madrid ESP"]
[Date "2012.11.13"]
[Round "6.13"]
[White "De Juan Rivas, Antonio"]
[Black "Castro Uceda, Jose Antonio"]
[Result "1-0"]
[WhiteElo "1857"]
[BlackElo "1647"]
[PlyCount "51"]
[EventDate "2012.11.05"]
[EventType "swiss"]
[EventRounds "9"]
[EventCountry "ESP"]
[Source "lmi"]
[SourceDate "2012.11.05"]

1. e4 c5 2. Nf3 d6 3. d4 cxd4 4. Nxd4 Nf6 5. Nc3 a6 6. Bg5 e6 7. f4 Be7 8. Qf3
Nbd7 9. Bc4 Nb6 10. Bb3 O-O 11. O-O-O Qc7 12. h4 h6 13. Bxf6 Bxf6 14. g4 Qc5
15. Nde2 g6 16. g5 Bg7 17. gxh6 Bxh6 18. Kb1 Rd8 19. h5 Kg7 20. hxg6 fxg6 21.
e5 d5 22. Rdg1 Rh8 23. Qh5 Qe7 24. Qxg6+ Kf8 25. Rxh6 Rxh6 26. Qg8# 1-0

[Event "Madrid ch Veteranos 2012-2013"]
[Site "Madrid ESP"]
[Date "2012.11.13"]
[Round "6.14"]
[White "Camarero Izquierdo, Juan C"]
[Black "Perez Carballeira, Francisco"]
[Result "1-0"]
[WhiteElo "1942"]
[BlackElo "1608"]
[PlyCount "57"]
[EventDate "2012.11.05"]
[EventType "swiss"]
[EventRounds "9"]
[EventCountry "ESP"]
[Source "lmi"]
[SourceDate "2012.11.05"]

1. d4 d5 2. Nc3 c6 3. e4 dxe4 4. Nxe4 Bf5 5. Ng3 Bg6 6. f4 h6 7. Nf3 Nf6 8. Ne5
Be4 9. Bc4 Bd5 10. O-O Bxc4 11. Nxc4 e6 12. f5 Qd5 13. Ne3 Qd7 14. fxe6 fxe6
15. Ng4 Be7 16. Ne5 Qd5 17. c4 Qd6 18. Rxf6 Bxf6 19. Ne4 Qc7 20. Qh5+ Kd8 21.
Nxf6 Rf8 22. Ne4 Rf5 23. Qh4+ Qe7 24. Qg3 Qf8 25. Be3 Nd7 26. Nxd7 Kxd7 27. c5
Qe7 28. Nd6 Rf7 29. Nxf7 1-0

[Event "Madrid ch Veteranos 2012-2013"]
[Site "Madrid ESP"]
[Date "2012.11.13"]
[Round "6.15"]
[White "Alfageme Sanchez, Jesus"]
[Black "Ortega Morales, Pedro"]
[Result "0-1"]
[WhiteElo "1720"]
[BlackElo "1862"]
[PlyCount "52"]
[EventDate "2012.11.05"]
[EventType "swiss"]
[EventRounds "9"]
[EventCountry "ESP"]
[Source "lmi"]
[SourceDate "2012.11.05"]

1. e4 e5 2. Nf3 Nc6 3. Bc4 Bc5 4. b4 Bxb4 5. c3 Ba5 6. O-O Nf6 7. Ng5 O-O 8. d4
Bb6 9. d5 Ne7 10. Bd3 d6 11. h3 c6 12. c4 Bd4 13. Nc3 Bxc3 14. Rb1 Bd4 15. Nf3
Bc5 16. Bg5 Ng6 17. Qe1 h6 18. Be3 Nd7 19. Kh2 Bxe3 20. Qxe3 Nc5 21. Be2 Nf4
22. Ng1 cxd5 23. cxd5 f5 24. Bf3 fxe4 25. Bxe4 Nxe4 26. Qxe4 Bf5 0-1

[Event "Madrid ch Veteranos 2012-2013"]
[Site "Madrid ESP"]
[Date "2012.11.13"]
[Round "6.16"]
[White "Martinez Martinez, Antonio"]
[Black "Correas Aguilera, Eufemio"]
[Result "1-0"]
[WhiteElo "1659"]
[BlackElo "1769"]
[PlyCount "85"]
[EventDate "2012.11.05"]
[EventType "swiss"]
[EventRounds "9"]
[EventCountry "ESP"]
[Source "lmi"]
[SourceDate "2012.11.05"]

1. e4 d5 2. e5 c5 3. f4 Nc6 4. Bb5 Bd7 5. a4 a6 6. Be2 Bf5 7. h3 e6 8. Nf3 Be7
9. O-O g5 10. fxg5 Bxg5 11. d3 Bxc1 12. Qxc1 Nge7 13. Qe3 d4 14. Qf2 Rg8 15. g4
Qc7 16. Kh2 Nxe5 17. Nxe5 Qxe5+ 18. Kh1 Bg6 19. Nd2 O-O-O 20. Nc4 Qc7 21. a5
Nd5 22. Bf3 Kb8 23. Be4 Bxe4+ 24. dxe4 Nb4 25. Qxf7 Qxf7 26. Rxf7 Nxc2 27. Rd1
Rgf8 28. Rxh7 Rf4 29. e5 d3 30. Nd6 Rxd6 31. exd6 Rd4 32. Rh8+ Ka7 33. Rd8 Ne3
34. Rd2 Nc4 35. Rd1 d2 36. d7 Nxb2 37. Rxd2 Rxd2 38. g5 Nc4 39. g6 Rd1+ 40. Kh2
Rd2+ 41. Kg3 Nd6 42. Ra8+ Kxa8 43. d8=Q+ 1-0

[Event "Madrid ch Veteranos 2012-2013"]
[Site "Madrid ESP"]
[Date "2012.11.13"]
[Round "6.17"]
[White "Martinez Carrasco, Jesus"]
[Black "Roldan Garcia, Angel"]
[Result "0-1"]
[WhiteElo "1590"]
[BlackElo "1755"]
[PlyCount "94"]
[EventDate "2012.11.05"]
[EventType "swiss"]
[EventRounds "9"]
[EventCountry "ESP"]
[Source "lmi"]
[SourceDate "2012.11.05"]

1. d4 Nf6 2. c4 g6 3. Nc3 Bg7 4. e4 d6 5. Nf3 O-O 6. Be2 e5 7. d5 Nbd7 8. O-O
Nc5 9. Qc2 a5 10. a4 Ne8 11. Be3 b6 12. Rad1 f5 13. Bxc5 bxc5 14. exf5 Bxf5 15.
Ne4 Nf6 16. Nxf6+ Qxf6 17. Bd3 Bg4 18. Be4 Rab8 19. b3 Bh6 20. h3 Bf5 21. Bxf5
gxf5 22. Nh2 e4 23. Rb1 Bf4 24. Qe2 Qg6 25. g3 Be5 26. Kh1 Rf7 27. Rg1 Rg7 28.
Qe1 Ra8 29. Qf1 Qf6 30. Qe2 Kh8 31. Rg2 Rag8 32. Qe1 Bc3 33. Qe2 Qe5 34. Nf1 f4
35. gxf4 Rxg2 36. Ng3 R2xg3 37. fxg3 Qe7 38. Qg2 Re8 39. Rc1 Bb4 40. Rc2 e3 41.
Qe2 Qg7 42. g4 Qd4 43. f5 Qf4 44. Kg2 Re4 45. Rc1 Rd4 46. Rc2 Qe4+ 47. Kh2 Qxc2
0-1

[Event "Madrid ch Veteranos 2012-2013"]
[Site "Madrid ESP"]
[Date "2012.11.13"]
[Round "6.18"]
[White "Algaba Traspuesto, Jose Antoni"]
[Black "Maseda Iglesias, Luis"]
[Result "1/2-1/2"]
[WhiteElo "1625"]
[BlackElo "1741"]
[PlyCount "57"]
[EventDate "2012.11.05"]
[EventType "swiss"]
[EventRounds "9"]
[EventCountry "ESP"]
[Source "lmi"]
[SourceDate "2012.11.05"]

1. d4 d5 2. Nf3 Nf6 3. e3 e6 4. Nbd2 c5 5. c3 Nc6 6. Bd3 Qc7 7. O-O cxd4 8.
exd4 Bd6 9. Re1 O-O 10. Qe2 b6 11. Ne5 Bb7 12. Ndf3 h6 13. g4 Ne4 14. Nxc6 Bxc6
15. Ne5 Bxe5 16. dxe5 Nc5 17. Bc2 Qe7 18. b4 Ne4 19. a4 Qh4 20. Bxe4 dxe4 21.
Be3 Rfd8 22. b5 Bb7 23. Rad1 Rac8 24. Rxd8+ Qxd8 25. Rd1 Qc7 26. Bd4 Bd5 27.
Ra1 Qb7 28. Qe3 Qc7 29. Qe2 1/2-1/2

[Event "Madrid ch Veteranos 2012-2013"]
[Site "Madrid ESP"]
[Date "2012.11.13"]
[Round "6.19"]
[White "Buergo Villanueva, Fernando"]
[Black "Martinez Miura, Enrique"]
[Result "0-1"]
[WhiteElo "1282"]
[BlackElo "1735"]
[PlyCount "74"]
[EventDate "2012.11.05"]
[EventType "swiss"]
[EventRounds "9"]
[EventCountry "ESP"]
[Source "lmi"]
[SourceDate "2012.11.05"]

1. d4 e6 2. Nf3 d5 3. Bg5 Be7 4. Bxe7 Nxe7 5. e3 Nd7 6. Bd3 h6 7. O-O O-O 8.
Re1 c5 9. c3 b6 10. e4 dxe4 11. Rxe4 Bb7 12. Re3 Qc7 13. dxc5 Nxc5 14. Bc2 Rfd8
15. Qe2 Nd5 16. Re5 f6 17. Rxe6 Nxe6 18. Qxe6+ Qf7 19. Qxf7+ Kxf7 20. Nbd2 Nf4
21. Re1 Nxg2 22. Bb3+ Kf8 23. Rd1 Bxf3 24. Nxf3 Rxd1+ 25. Bxd1 Nf4 26. Nh4 Re8
27. Kf1 Rd8 28. Bc2 Rd2 29. Ng6+ Nxg6 30. Bxg6 Rxb2 31. a4 Ra2 32. Kg2 Rxa4 33.
f3 Rc4 34. Kg3 Rxc3 35. Kg4 Rc1 36. h3 Rg1+ 37. Kh4 Rxg6 0-1

[Event "Madrid ch Veteranos 2012-2013"]
[Site "Madrid ESP"]
[Date "2012.11.13"]
[Round "6.20"]
[White "Poblador Dieguez, Alfredo"]
[Black "Sanchez Lucena, Juan"]
[Result "1-0"]
[WhiteElo "1680"]
[BlackElo "1411"]
[PlyCount "95"]
[EventDate "2012.11.05"]
[EventType "swiss"]
[EventRounds "9"]
[EventCountry "ESP"]
[Source "lmi"]
[SourceDate "2012.11.05"]

1. d4 Nf6 2. c4 e5 3. dxe5 Ng4 4. Nf3 Nc6 5. Bg5 Be7 6. Bxe7 Qxe7 7. Nc3 Ngxe5
8. e3 Qb4 9. Nxe5 Nxe5 10. Qd4 d6 11. f4 c5 12. Qxd6 Nc6 13. Rb1 Ne7 14. Bd3
Qb6 15. Qxe7+ Kxe7 16. Nd5+ Kd6 17. Nxb6 axb6 18. Rd1 Kc7 19. a3 h6 20. h3 Re8
21. Kf2 g6 22. Rhe1 Be6 23. e4 Red8 24. f5 Bd7 25. fxg6 fxg6 26. e5 Be6 27. Kg1
Ra4 28. Bc2 Ra5 29. Rxd8 Kxd8 30. Bxg6 Ra4 31. Bc2 Ra5 32. Rd1+ Ke7 33. Bd3 Ra4
34. Rc1 Ra5 35. Be2 Ra4 36. g4 Ra8 37. Kf2 Rd8 38. Ke3 Rd4 39. b3 Rd8 40. Rd1
Ra8 41. a4 Ra5 42. Rd6 Ra6 43. Bf3 Bc8 44. Rxh6 b5 45. Rxa6 bxa6 46. cxb5 axb5
47. axb5 Bd7 48. b6 1-0

[Event "Madrid ch Veteranos 2012-2013"]
[Site "Madrid ESP"]
[Date "2012.11.13"]
[Round "6.21"]
[White "Martin Rodriguez, Jose Luis"]
[Black "Arias De Reina Martinez, Francisco"]
[Result "1-0"]
[WhiteElo "1398"]
[BlackElo "1623"]
[PlyCount "96"]
[EventDate "2012.11.05"]
[EventType "swiss"]
[EventRounds "9"]
[EventCountry "ESP"]
[Source "lmi"]
[SourceDate "2012.11.05"]

1. e4 c5 2. Nf3 d6 3. d4 cxd4 4. Nxd4 Nf6 5. Nc3 a6 6. Bg5 e6 7. f4 Be7 8. Qf3
Qc7 9. O-O-O b5 10. Bxf6 Bxf6 11. Bxb5+ axb5 12. Ndxb5 Qc6 13. Nxd6+ Ke7 14. e5
Qxf3 15. exf6+ gxf6 16. gxf3 Ra6 17. Nxc8+ Rxc8 18. a3 Rc5 19. Rhe1 Nd7 20.
Nd5+ Kf8 21. Ne3 Ke7 22. Rd2 Nb6 23. Red1 Rc7 24. Rg1 Ra8 25. Rd4 Rac8 26. c3
Nd7 27. Kc2 Rc5 28. Rgd1 R8c7 29. Kd3 Rh5 30. Rd2 Rh3 31. Kc2 Rxf3 32. Re2 Kf8
33. Rc4 Rxc4 34. Nxc4 Rxf4 35. Nd2 Nc5 36. c4 Rh4 37. b4 Na4 38. c5 Rh3 39. Nb1
Ke7 40. Rd2 f5 41. c6 Nb6 42. c7 f4 43. a4 f3 44. a5 Nc8 45. b5 Rh5 46. b6 Rb5
47. Nc3 Rb4 48. Kd1 Rb1+ 1-0

[Event "Madrid ch Veteranos 2012-2013"]
[Site "Madrid ESP"]
[Date "2012.11.13"]
[Round "6.22"]
[White "Jaumandreu Llopis, Antonio"]
[Black "Greppi Gonzalez, Jose Luis"]
[Result "0-1"]
[WhiteElo "1553"]
[BlackElo "1553"]
[PlyCount "144"]
[EventDate "2012.11.05"]
[EventType "swiss"]
[EventRounds "9"]
[EventCountry "ESP"]
[Source "lmi"]
[SourceDate "2012.11.05"]

1. e4 e5 2. Nf3 d6 3. d4 exd4 4. Nxd4 Qf6 5. Nc3 c6 6. Be3 a6 7. Nf3 Bg4 8. Be2
h6 9. e5 dxe5 10. Ne4 Qe7 11. Bc5 Qe6 12. Bxf8 Kxf8 13. Qd3 Nd7 14. Rd1 f5 15.
Qxd7 Qxd7 16. Rxd7 fxe4 17. Nxe5 Bxd7 18. Nxd7+ Ke7 19. Ne5 Rh7 20. Bh5 Nf6 21.
Bg6 Rhh8 22. Ke2 Ke6 23. f4 exf3+ 24. Nxf3 Rad8 25. Re1 Kd6 26. Kf2 Kc7 27.
Re7+ Rd7 28. Re1 Rhd8 29. Bd3 Nd5 30. Nd4 Rf8+ 31. Kg1 Kb6 32. Nb3 Re7 33. Rxe7
Nxe7 34. Nd2 Nd5 35. a3 Nf4 36. Be4 Rd8 37. Nf3 g5 38. Ne5 Re8 39. Nc4+ Kc5 40.
Nd2 Kd4 41. Bf3 Kc5 42. Nb3+ Kb6 43. Kf2 a5 44. a4 Rd8 45. g3 Nd5 46. Be4 Rf8+
47. Ke2 Re8 48. Kd3 Nf6 49. Bg6 Re1 50. Bf5 Rh1 51. h3 Rg1 52. Ke2 h5 53. Kf2
Rb1 54. Nd2 Ra1 55. Nc4+ Kc7 56. b3 b6 57. Ne5 Rd1 58. Nf3 g4 59. hxg4 hxg4 60.
Nh2 Rd2+ 61. Kg1 Kd6 62. Bd3 Ke5 63. Nf1 Rxd3 64. cxd3 Kd4 65. Nd2 Kxd3 66. Nc4
Kc3 67. Nxb6 Kxb3 68. Kf2 Nd5 69. Nxd5 cxd5 70. Ke3 Kxa4 71. Kd4 Kb3 72. Kxd5
a4 0-1

[Event "Madrid ch Veteranos 2012-2013"]
[Site "Madrid ESP"]
[Date "2012.11.13"]
[Round "6.23"]
[White "Pardinas Riano, Emilio"]
[Black "Beekhof Harmsen, Willen"]
[Result "1/2-1/2"]
[WhiteElo "1728"]
[BlackElo "1762"]
[PlyCount "59"]
[EventDate "2012.11.05"]
[EventType "swiss"]
[EventRounds "9"]
[EventCountry "ESP"]
[Source "lmi"]
[SourceDate "2012.11.05"]

1. e4 d6 2. d4 Nf6 3. Nc3 g6 4. h3 Bg7 5. Nf3 O-O 6. Bd3 b6 7. O-O Bb7 8. Re1
c6 9. Be3 Nbd7 10. Qd2 Re8 11. Rad1 e5 12. dxe5 Nxe5 13. Nxe5 dxe5 14. Qe2 Qc7
15. f3 b5 16. a3 a6 17. Qf2 Nd7 18. Rd2 c5 19. Red1 c4 20. Bxc4 Qxc4 21. Rxd7
Bc8 22. Rd8 Be6 23. R8d2 b4 24. axb4 Qxb4 25. Nd5 Bxd5 26. Rxd5 Qxb2 27. c4
Qxf2+ 28. Kxf2 a5 29. Ra1 f5 30. Rd3 1/2-1/2

[Event "Madrid ch Veteranos 2012-2013"]
[Site "Madrid ESP"]
[Date "2012.11.13"]
[Round "6.25"]
[White "Veuthey Martinez, Eloy"]
[Black "Moral Gonzalez, Vicente"]
[Result "1-0"]
[WhiteElo "1570"]
[BlackElo "1521"]
[PlyCount "49"]
[EventDate "2012.11.05"]
[EventType "swiss"]
[EventRounds "9"]
[EventCountry "ESP"]
[Source "lmi"]
[SourceDate "2012.11.05"]

1. d4 d5 2. Nf3 Nf6 3. e3 Bf5 4. c4 c6 5. cxd5 cxd5 6. Nc3 a6 7. Ne5 Nbd7 8. g4
Bg6 9. h4 h5 10. Nxg6 fxg6 11. g5 Ne4 12. Nxd5 e6 13. Nf4 Bb4+ 14. Ke2 Nf8 15.
Qa4+ Qd7 16. Qxb4 a5 17. Qb3 Rc8 18. Bg2 Qc6 19. Qd3 Ng3+ 20. fxg3 Qc2+ 21.
Qxc2 Rxc2+ 22. Kd3 Rc7 23. Bd2 b6 24. Rac1 Rd7 25. Bc6 1-0

[Event "Madrid ch Veteranos 2012-2013"]
[Site "Madrid ESP"]
[Date "2012.11.14"]
[Round "7.1"]
[White "Cabanas Bravo, Juan Andres"]
[Black "Fuentes Arjona, Antonio"]
[Result "1-0"]
[WhiteElo "2077"]
[BlackElo "2008"]
[PlyCount "69"]
[EventDate "2012.11.05"]
[EventType "swiss"]
[EventRounds "9"]
[EventCountry "ESP"]
[Source "lmi"]
[SourceDate "2012.11.05"]

1. e4 c5 2. Nf3 Nc6 3. d4 cxd4 4. Nxd4 g6 5. Nc3 Bg7 6. Be3 Nf6 7. Nxc6 bxc6 8.
e5 Nd5 9. Nxd5 cxd5 10. Qxd5 Rb8 11. Bc4 e6 12. Qc5 Rxb2 13. Bb3 d6 14. Qc6+
Bd7 15. Qxd6 Qa5+ 16. Bd2 Qxe5+ 17. Qxe5 Bxe5 18. O-O-O O-O 19. Bb4 Ba4 20.
Bxf8 Bxb3 21. axb3 Kxf8 22. Rd7 Ra2 23. Kd2 Ke8 24. Rb7 Ra6 25. Rd1 Bd4 26. Ke2
e5 27. f4 Re6 28. fxe5 Rxe5+ 29. Kd3 Bb6 30. c4 Re7 31. Rxe7+ Kxe7 32. b4 Kd7
33. c5 Bc7 34. Kc4+ Kc8 35. h3 1-0

[Event "Madrid ch Veteranos 2012-2013"]
[Site "Madrid ESP"]
[Date "2012.11.14"]
[Round "7.2"]
[White "Fernandez Garcia, Ignacio"]
[Black "Estrada Martinez, Cesar"]
[Result "0-1"]
[WhiteElo "1794"]
[BlackElo "2085"]
[PlyCount "54"]
[EventDate "2012.11.05"]
[EventType "swiss"]
[EventRounds "9"]
[EventCountry "ESP"]
[Source "lmi"]
[SourceDate "2012.11.05"]

1. e4 c5 2. Nf3 Nc6 3. Nc3 d6 4. Nd5 e6 5. Ne3 Nf6 6. d3 Be7 7. Be2 O-O 8. h3
Nd4 9. c3 Nxe2 10. Qxe2 b6 11. Ng4 e5 12. Ne3 Re8 13. c4 Bf8 14. g4 b5 15. g5
Nh5 16. Nd5 g6 17. Nh2 Bb7 18. Nf6+ Nxf6 19. gxf6 Qxf6 20. h4 Qxh4 21. Be3 bxc4
22. O-O-O cxd3 23. Qd2 Qxe4 24. Kb1 Qb4 25. Rhg1 Qxd2 26. Rxd2 f5 27. f3 c4 0-1

[Event "Madrid ch Veteranos 2012-2013"]
[Site "Madrid ESP"]
[Date "2012.11.14"]
[Round "7.3"]
[White "Garcia Esteban, Ignacio"]
[Black "Pastor Alonso De Prado, Albert"]
[Result "0-1"]
[WhiteElo "1941"]
[BlackElo "2143"]
[PlyCount "140"]
[EventDate "2012.11.05"]
[EventType "swiss"]
[EventRounds "9"]
[EventCountry "ESP"]
[Source "lmi"]
[SourceDate "2012.11.05"]

1. e4 e5 2. Nf3 Nc6 3. Bb5 Bc5 4. O-O Qf6 5. Nc3 Nge7 6. d3 Nd4 7. Nxd4 exd4 8.
Ne2 O-O 9. Bc4 c6 10. Bb3 a5 11. a4 d6 12. c3 d5 13. cxd4 Bxd4 14. Nxd4 Qxd4
15. Qc2 Qf6 16. Qe2 dxe4 17. dxe4 Be6 18. e5 Qg6 19. Bc2 Bf5 20. Bxf5 Nxf5 21.
Be3 Rfe8 22. f4 f6 23. Bf2 fxe5 24. fxe5 Qe6 25. Rfe1 Rad8 26. Rad1 Rd5 27.
Rxd5 Qxd5 28. Qe4 Qxe4 29. Rxe4 Rd8 30. g4 Ne7 31. Bc5 Kf7 32. e6+ Ke8 33. Bd4
g6 34. Rf4 Rd6 35. Re4 Rd5 36. Kf2 c5 37. Bc3 b6 38. Re3 Rd6 39. Rh3 Rxe6 40.
Rxh7 Nd5 41. Bd2 Nf6 42. Rh8+ Kf7 43. h3 Ne4+ 44. Ke3 Nc3+ 45. Kd3 Nd1 46. Kc2
Nf2 47. Kc1 Re4 48. g5 Rxa4 49. Bc3 b5 50. Rh7+ Ke6 51. Rg7 Nd3+ 52. Kc2 Nf4
53. Bd2 Rc4+ 54. Kb1 Kf5 55. h4 Nh5 56. Rb7 b4 57. Rb5 a4 58. Be3 Rxh4 59.
Rxc5+ Ke6 60. Rc6+ Kd5 61. Rxg6 Rh1+ 62. Bc1 Nf4 63. Rh6 Rg1 64. Rh8 Nd3 65.
Rc8 b3 66. Rd8+ Ke4 67. Re8+ Kf5 68. Rf8+ Ke6 69. Rc8 a3 70. bxa3 b2 0-1

[Event "Madrid ch Veteranos 2012-2013"]
[Site "Madrid ESP"]
[Date "2012.11.14"]
[Round "7.5"]
[White "Corredor Gonzalez, Angel L"]
[Black "Moragrega Herrero, Juan Jose"]
[Result "0-1"]
[WhiteElo "1760"]
[BlackElo "1922"]
[PlyCount "100"]
[EventDate "2012.11.05"]
[EventType "swiss"]
[EventRounds "9"]
[EventCountry "ESP"]
[Source "lmi"]
[SourceDate "2012.11.05"]

1. e4 e6 2. d4 d5 3. Nc3 Bb4 4. e5 c5 5. a3 Bxc3+ 6. bxc3 Qa5 7. Bd2 c4 8. Qg4
g6 9. f4 Qa4 10. Qd1 Nc6 11. Nf3 h5 12. Nh4 Nh6 13. Be2 Bd7 14. Nf3 O-O-O 15.
Qc1 Nf5 16. Rb1 b6 17. Ng5 Rdf8 18. O-O Kc7 19. Be1 b5 20. Bf2 Kd8 21. Qb2 Ke7
22. Bf3 Rb8 23. Rfe1 Rb6 24. Qc1 a5 25. Be2 Rhb8 26. g4 hxg4 27. Bxg4 b4 28.
axb4 axb4 29. Ra1 Qb5 30. Nf3 b3 31. cxb3 cxb3 32. Rb1 b2 33. Qd2 Na5 34. Bxf5
gxf5 35. Bh4+ Ke8 36. Qg2 Bc8 37. Qg8+ Kd7 38. Qxf7+ Kc6 39. Bd8 R6b7 40. Qf8
Nc4 41. Nd2 Rd7 42. Nxc4 Qxc4 43. Qe8 Rb5 44. Qxe6+ Kb7 45. Qg8 Qxc3 46. e6
Qxd4+ 47. Kh1 Rg7 48. Qf8 Bxe6 49. Bf6 Rg1+ 50. Rxg1 Qe4+ 0-1

[Event "Madrid ch Veteranos 2012-2013"]
[Site "Madrid ESP"]
[Date "2012.11.14"]
[Round "7.6"]
[White "Minguela Munoz, Bienvenido"]
[Black "Garcia Martin, Juan Manuel"]
[Result "1-0"]
[WhiteElo "1883"]
[BlackElo "1874"]
[PlyCount "45"]
[EventDate "2012.11.05"]
[EventType "swiss"]
[EventRounds "9"]
[EventCountry "ESP"]
[Source "lmi"]
[SourceDate "2012.11.05"]

1. d4 Nf6 2. c4 e5 3. dxe5 Ng4 4. Nf3 Bc5 5. e3 Nc6 6. a3 a5 7. Qd5 Qe7 8. Nc3
Ngxe5 9. Nb5 d6 10. Be2 Nxf3+ 11. Qxf3 O-O 12. O-O Re8 13. Nc3 Ne5 14. Qg3 c6
15. Rd1 Bb6 16. b3 Bc7 17. Bb2 d5 18. cxd5 Nd3 19. d6 Bxd6 20. Nd5 Bxg3 21.
Nxe7+ Rxe7 22. hxg3 Nxb2 23. Rd8+ 1-0

[Event "Madrid ch Veteranos 2012-2013"]
[Site "Madrid ESP"]
[Date "2012.11.14"]
[Round "7.7"]
[White "Rodriguez Bachiller, Luis"]
[Black "De Juan Rivas, Antonio"]
[Result "0-1"]
[WhiteElo "1756"]
[BlackElo "1857"]
[PlyCount "114"]
[EventDate "2012.11.05"]
[EventType "swiss"]
[EventRounds "9"]
[EventCountry "ESP"]
[Source "lmi"]
[SourceDate "2012.11.05"]

1. Nf3 d5 2. c4 c6 3. b3 Bg4 4. e3 Nf6 5. Bb2 Bxf3 6. Qxf3 Nbd7 7. d4 e6 8. Bd3
Bd6 9. O-O Qc7 10. h3 e5 11. cxd5 Nxd5 12. e4 N5f6 13. Nd2 b5 14. Rfc1 Qb6 15.
Qe3 O-O 16. Nf1 Nh5 17. dxe5 Bc5 18. Rxc5 Qxc5 19. Qg5 g6 20. Rc1 Qb6 21. g4 f6
22. exf6 Nhxf6 23. Qe3 Rac8 24. b4 Rfe8 25. Qxb6 axb6 26. f3 Ne5 27. Be2 Nfd7
28. f4 Nf7 29. e5 Nf8 30. Bf3 c5 31. bxc5 bxc5 32. Bd5 Ne6 33. f5 gxf5 34. gxf5
Nf4 35. Bxf7+ Kxf7 36. Kh2 Nd3 37. e6+ Ke7 38. Rc2 Nxb2 39. Rxb2 b4 40. Ne3
Red8 41. Rc2 Rd3 42. Ng4 Rd5 43. Nh6 Rcd8 44. Rg2 Rd2 45. Ng8+ Ke8 46. Nf6+ Ke7
47. Nd7 Rxg2+ 48. Kxg2 c4 49. Nb6 b3 50. axb3 cxb3 51. Nc4 b2 52. Na3 Rd1 53.
h4 b1=Q 54. Nxb1 Rxb1 55. Kf3 Rb4 56. Kg3 Kf6 57. Kf3 Kxf5 0-1

[Event "Madrid ch Veteranos 2012-2013"]
[Site "Madrid ESP"]
[Date "2012.11.14"]
[Round "7.8"]
[White "Perez Cristobal, Alberto"]
[Black "Hernandez Gutierrez, Jose"]
[Result "0-1"]
[WhiteElo "1728"]
[BlackElo "1854"]
[PlyCount "114"]
[EventDate "2012.11.05"]
[EventType "swiss"]
[EventRounds "9"]
[EventCountry "ESP"]
[Source "lmi"]
[SourceDate "2012.11.05"]

1. e4 d6 2. d4 Nf6 3. Nc3 g6 4. g3 Bg7 5. Bg2 O-O 6. Nf3 Bg4 7. h3 Bxf3 8. Qxf3
c6 9. O-O Nbd7 10. Be3 Qc7 11. Rad1 e5 12. Qe2 a6 13. Rd2 b5 14. a3 Nb6 15. b3
a5 16. dxe5 dxe5 17. Bc5 Rfd8 18. Rfd1 Bf8 19. Rxd8 Rxd8 20. Rxd8 Qxd8 21. Bxf8
Qxf8 22. Qe3 Nfd7 23. a4 b4 24. Ne2 Qd6 25. f4 f6 26. fxe5 fxe5 27. Qd3 Qxd3
28. cxd3 Nc5 29. Nc1 Nbxa4 30. bxa4 b3 31. Nxb3 Nxb3 32. Kf2 Kf7 33. Bf3 Nc5
34. Ke3 Nxa4 35. d4 Ke6 36. Kd3 Nb6 37. Kc3 Kd6 38. Bd1 exd4+ 39. Kxd4 c5+ 40.
Kc3 a4 41. Bc2 Ke5 42. h4 h6 43. g4 g5 44. hxg5 hxg5 45. Bd3 Kf4 46. e5 Kxe5
47. Be2 Kf4 48. Bd1 Nd5+ 49. Kb2 Ne3 50. Bxa4 Nxg4 51. Kc2 Ne5 52. Kd2 g4 53.
Ke2 c4 54. Kf2 g3+ 55. Kg2 Ng4 56. Bb5 Ne3+ 57. Kg1 c3 0-1

[Event "Madrid ch Veteranos 2012-2013"]
[Site "Madrid ESP"]
[Date "2012.11.14"]
[Round "7.9"]
[White "Lopez Peral, Enrique"]
[Black "Fernandez- Bujarrabal V., Pedr"]
[Result "1-0"]
[WhiteElo "1832"]
[BlackElo "1677"]
[PlyCount "79"]
[EventDate "2012.11.05"]
[EventType "swiss"]
[EventRounds "9"]
[EventCountry "ESP"]
[Source "lmi"]
[SourceDate "2012.11.05"]

1. e4 e5 2. Nf3 Nc6 3. Bb5 a6 4. Bxc6 dxc6 5. d4 exd4 6. Qxd4 Qxd4 7. Nxd4 c5
8. Ne2 Bd6 9. Nbc3 c6 10. Bf4 Bxf4 11. Nxf4 b5 12. O-O Bd7 13. Nd3 c4 14. Ne5
Nf6 15. Rad1 Rd8 16. Nxd7 Rxd7 17. Rxd7 Kxd7 18. Rd1+ Ke7 19. f3 Rd8 20. Rxd8
Kxd8 21. Kf2 Ke7 22. Ke3 Kd6 23. h3 Nd7 24. f4 f6 25. Kd4 c5+ 26. Ke3 h6 27.
Nd5 a5 28. c3 b4 29. g4 g5 30. a3 b3 31. Kf3 gxf4 32. Kxf4 Ne5 33. Kf5 Kd7 34.
Nxf6+ Kd6 35. Ne8+ Ke7 36. Kxe5 Kxe8 37. Ke6 a4 38. e5 h5 39. gxh5 Kd8 40. Kf7
1-0

[Event "Madrid ch Veteranos 2012-2013"]
[Site "Madrid ESP"]
[Date "2012.11.14"]
[Round "7.10"]
[White "Roldan Garcia, Angel"]
[Black "Camarero Izquierdo, Juan C"]
[Result "0-1"]
[WhiteElo "1755"]
[BlackElo "1942"]
[PlyCount "104"]
[EventDate "2012.11.05"]
[EventType "swiss"]
[EventRounds "9"]
[EventCountry "ESP"]
[Source "lmi"]
[SourceDate "2012.11.05"]

1. e4 c5 2. Nc3 d6 3. g3 Nf6 4. Bg2 Nc6 5. d3 g6 6. Be3 Bg7 7. Qd2 Ng4 8. Bg5
h6 9. Bf4 e5 10. Be3 O-O 11. h3 Nxe3 12. Qxe3 Nd4 13. Qd2 Be6 14. Nce2 Qd7 15.
c3 Nc6 16. Nf3 a5 17. g4 Ne7 18. c4 f5 19. exf5 gxf5 20. g5 f4 21. Nc3 Nf5 22.
h4 Nd4 23. Nxd4 exd4 24. Ne4 f3 25. Bf1 h5 26. O-O-O Qa4 27. Kb1 Be5 28. Bh3
Bxh3 29. Rxh3 Qd7 30. Rhh1 Bf4 31. Qe1 Rae8 32. Qxa5 Be5 33. Rhg1 Kh8 34. Rde1
Ra8 35. Qb5 Qc7 36. Nf6 Bxf6 37. gxf6 Rxf6 38. Re8+ Rf8 39. Re6 Qh7 40. Rgg6
Qf7 41. Rh6+ Kg7 42. Reg6+ Qxg6 43. Rxg6+ Kxg6 44. Qxb7 Rae8 45. Qd5 Re1+ 46.
Kc2 Re2+ 47. Kb3 Rb8+ 48. Ka3 Rbxb2 49. Qg5+ Kf7 50. Qxh5+ Ke7 51. Qh7+ Kd8 52.
Qg8+ Kc7 0-1